[Event "9th Sharjah Cup Women 2018"]
[Site "Sharjah"]
[Date "2018.12.15"]
[Round "3"]
[White "Alattar, Ghayda M."]
[Black "Alyazya hamad R Alkharoossi"]
[Result "1-0"]
[WhiteElo "1944"]
[BlackElo "1079"]
[Annotator "NA"]
[PlyCount "75"]
[EventDate "2018.12.14"]
[EventType "swiss"]
[EventCountry "UAE"]
[SourceTitle "playchess.com"]
[Source "ChessBase"]
[SourceQuality "1"]
[TimeControl "5400+30"]

1. e4 {[%emt 0:00:00]} e5 {[%emt 0:00:00]} 2. Nf3 {[%emt 0:00:00]} Nc6 {[%emt 0:00:00]} 3. Bc4 {[%emt 0:00:00]} Bc5 {[%emt 0:00:04]} 4. d3 {[%emt 0:00:48]} Nf6 {[%emt 0:00:10]} 5. O-O {[%emt 0:00:34]} h6 {[%emt 0:00:09]} 6. c3 {[%emt 0:00:17]} d6 {[%emt 0:00:49]} 7. b4 {[%emt 0:07:50]} Bb6 {[%emt 0:00:40]} 8. h3 {[%emt 0:03:17]} O-O {[%emt 0:00:13]} 9. Re1 {[%emt 0:00:32]} Be6 {[%emt 0:00:33]} 10. Bb5 {[%emt 0:06:04]} Re8 {[%emt 0:00:51]} 11. d4 {[%emt 0:01:21]} exd4 {[%emt 0:00:38]} 12. cxd4 {[%emt 0:00:17]} a6 {[%emt 0:00:25]} 13. Ba4 {[%emt 0:00:51]} Bd7 {[%emt 0:00:30]} 14. Bxc6 {[%emt 0:02:12]} Bxc6 {[%emt 0:00:12]} 15. d5 {[%emt 0:00:34]} Bb5 {[%emt 0:01:07]} 16. Nc3 {[%emt 0:01:47]} c5 {[%emt 0:00:54]} 17. a3 {[%emt 0:08:48]} cxb4 {[%emt 0:00:15]} 18. axb4 {[%emt 0:00:04]} a5 {[%emt 0:00:38]} 19. Nxb5 {[%emt 0:03:27]} axb4 20. Rxa8 {[%emt 0:00:12]} Qxa8 {[%emt 0:01:38]} 21. Nxd6 {[%emt 0:00:24]} Rd8 {[%emt 0:00:21]} 22. e5 {[%emt 0:00:32]} Nd7 {[%emt 0:01:01]} 23. e6 {[%emt 0:00:48]} fxe6 {[%emt 0:00:17]} 24. dxe6 {[%emt 0:00:04]} Nf6 {[%emt 0:00:17]} 25. e7 {[%emt 0:00:11]} Rb8 {[%emt 0:00:36]} 26. Qb3+ {[%emt 0:00:19]} Kh8 {[%emt 0:00:15]} 27. Qf7 {[%emt 0:02:12]} Qa7 {[%emt 0:01:06]} 28. e8=Q+ {[%emt 0:01:30]} Rxe8 {[%emt 0:00:23]} 29. Nxe8 {[%emt 0:00:15]} Bxf2+ {[%emt 0:00:46]} 30. Kh1 {[%emt 0:00:14]} Nh5 {[%emt 0:00:17]} 31. Qxh5 {[%emt 0:03:12]} b6 {[%emt 0:00:24]} 32. Rf1 {[%emt 0:00:19]} Bc5 {[%emt 0:00:19]} 33. Ne5 {[%emt 0:00:06]} Qe7 {[%emt 0:00:44]} 34. Ng6+ {[%emt 0:00:05]} Kh7 {[%emt 0:00:08]} 35. Nxe7 {[%emt 0:00:04]} Bxe7 {[%emt 0:00:11]} 36. Qf7 {[%emt 0:00:07]} Bf6 {[%emt 0:00:23]} 37. Nxf6+ {[%emt 0:00:05]} Kh8 {[%emt 0:00:12]} 38. Qg8# {[%emt 0:00:01]} 1-0

[Event "9th Sharjah Cup Women 2018"]
[Site "Sharjah"]
[Date "2018.12.15"]
[Round "3"]
[White "Mouza, Nasser Alshamsi"]
[Black "Greibrokk, Ingrid"]
[Result "0-1"]
[WhiteElo "1292"]
[BlackElo "1857"]
[Annotator "NA"]
[PlyCount "66"]
[EventDate "2018.12.14"]
[EventType "swiss"]
[EventCountry "UAE"]
[SourceTitle "playchess.com"]
[Source "ChessBase"]
[SourceQuality "1"]
[TimeControl "5400+30"]

1. e4 {[%emt 0:00:00]} c5 {[%emt 0:00:00]} 2. Nc3 {[%emt 0:00:00]} Nc6 {[%emt 0:00:00]} 3. f4 {[%emt 0:00:06]} g6 {[%emt 0:00:00]} 4. Nf3 {[%emt 0:00:18]} Bg7 {[%emt 0:00:02]} 5. Bb5 {[%emt 0:00:27]} e6 {[%emt 0:00:32]} 6. Bxc6 {[%emt 0:00:22]} bxc6 {[%emt 0:00:36]} 7. d3 {[%emt 0:00:49]} d5 {[%emt 0:01:26]} 8. exd5 {[%emt 0:00:39]} cxd5 {[%emt 0:00:09]} 9. d4 {[%emt 0:00:27]} cxd4 {[%emt 0:00:13]} 10. Nxd4 {[%emt 0:00:15]} Ne7 {[%emt 0:00:36]} 11. O-O {[%emt 0:01:06]} O-O {[%emt 0:00:48]} 12. Be3 {[%emt 0:01:05]} Ba6 {[%emt 0:01:41]} 13. Rf2 {[%emt 0:00:43]} Rb8 {[%emt 0:02:01]} 14. b3 {[%emt 0:01:06]} Qc7 {[%emt 0:00:25]} 15. Qd2 {[%emt 0:01:06]} Rfc8 {[%emt 0:00:18]} 16. Nce2 {[%emt 0:01:05]} Nf5 {[%emt 0:01:15]} 17. Ng3 {[%emt 0:04:13]} Nxe3 {[%emt 0:01:49]} 18. Qxe3 {[%emt 0:00:41]} Qc5 {[%emt 0:00:45]} 19. Rd1 {[%emt 0:01:56]} Rb4 {[%emt 0:00:56]} 20. Rfd2 {[%emt 0:01:37]} Bxd4 {[%emt 0:01:29]} 21. Rxd4 {[%emt 0:00:51]} Rxd4 {[%emt 0:00:05]} 22. Qxd4 {[%emt 0:01:07]} Qxd4+ {[%emt 0:00:52]} 23. Rxd4 {[%emt 0:00:21]} Rxc2 {[%emt 0:00:04]} 24. Ra4 {[%emt 0:00:23]} Bb5 {[%emt 0:00:07]} 25. Rxa7 {[%emt 0:01:01]} d4 {[%emt 0:00:14]} 26. Ra8+ {[%emt 0:02:02]} Kg7 {[%emt 0:00:06]} 27. Rd8 {[%emt 0:01:04]} d3 {[%emt 0:00:19]} 28. Nf1 {[%emt 0:01:22]} Rxa2 {[%emt 0:02:19]} 29. Rd4 {[%emt 0:02:20]} Re2 {[%emt 0:01:27]} 30. b4 {[%emt 0:00:35]} Bc6 {[%emt 0:00:09]} 31. Rxd3 {[%emt 0:01:32]} Rxg2+ {[%emt 0:00:10]} 32. Kh1 {[%emt 0:00:14]} Rg3+ {[%emt 0:00:05]} 33. Rf3 {[%emt 0:00:27]} Bxf3# {[%emt 0:00:10]} 0-1

[Event "9th Sharjah Cup Women 2018"]
[Site "Sharjah"]
[Date "2018.12.15"]
[Round "3"]
[White "Essa, Shahad"]
[Black "Bauyrzhan, Arnash"]
[Result "0-1"]
[WhiteElo "1080"]
[BlackElo "1978"]
[Annotator "NA"]
[PlyCount "52"]
[EventDate "2018.12.14"]
[EventType "swiss"]
[EventCountry "UAE"]
[SourceTitle "playchess.com"]
[Source "ChessBase"]
[SourceQuality "1"]
[TimeControl "5400+30"]

1. e4 {[%emt 0:00:00]} c5 {[%emt 0:00:00]} 2. Nf3 {[%emt 0:00:00]} e6 {[%emt 0:00:00]} 3. d4 {[%emt 0:00:04]} cxd4 {[%emt 0:00:10]} 4. Nxd4 {[%emt 0:00:15]} a6 {[%emt 0:00:27]} 5. Nc3 {[%emt 0:00:20]} Qc7 {[%emt 0:00:24]} 6. Be2 {[%emt 0:01:17]} Nf6 {[%emt 0:01:29]} 7. O-O {[%emt 0:00:46]} Nc6 {[%emt 0:02:12]} 8. Be3 {[%emt 0:01:31]} Be7 {[%emt 0:02:51]} 9. Rc1 {[%emt 0:00:56]} b5 {[%emt 0:01:52]} 10. a3 {[%emt 0:03:20]} Bb7 {[%emt 0:00:25]} 11. f4 {[%emt 0:00:41]} d6 {[%emt 0:01:35]} 12. Bf3 {[%emt 0:00:23]} Na5 {[%emt 0:03:14]} 13. Qd3 {[%emt 0:04:06]} Rc8 {[%emt 0:02:53]} 14. Bd2 {[%emt 0:01:19]} Nc4 {[%emt 0:00:28]} 15. Rb1 {[%emt 0:00:43]} O-O {[%emt 0:03:04]} 16. Be1 {[%emt 0:02:11]} Nd7 {[%emt 0:01:23]} 17. b3 {[%emt 0:03:42]} Nxa3 {[%emt 0:04:38]} 18. Ra1 {[%emt 0:00:59]} b4 {[%emt 0:01:53]} 19. Nce2 {[%emt 0:01:02]} Nc5 {[%emt 0:07:04]} 20. Qd2 {[%emt 0:02:27]} Nxe4 {[%emt 0:03:58]} 21. Qxb4 {[%emt 0:01:12]} d5 {[%emt 0:02:01]} 22. Qa4 {[%emt 0:00:46]} Nxc2 {[%emt 0:08:46]} 23. Nxc2 {[%emt 0:01:37]} Qxc2 {[%emt 0:00:14]} 24. Qd7 {[%emt 0:01:18]} Bc5+ {[%emt 0:00:41]} 25. Kh1 {[%emt 0:00:22]} Bc6 {[%emt 0:00:20]} 26. Qxc8 {[%emt 0:01:02]} Rxc8 {[%emt 0:00:06]} 0-1

[Event "9th Sharjah Cup Women 2018"]
[Site "Sharjah"]
[Date "2018.12.16"]
[Round "4"]
[White "Socko, Monika"]
[Black "Mork, Ramona"]
[Result "1-0"]
[WhiteElo "2458"]
[BlackElo "1755"]
[Annotator "ChessBase"]
[PlyCount "81"]
[EventDate "2018.12.14"]
[EventType "swiss"]
[EventCountry "UAE"]
[SourceTitle "playchess.com"]
[Source "ChessBase"]
[SourceQuality "1"]
[TimeControl "5400+30"]

1. e4 {[%emt 0:00:00]} c6 {[%emt 0:00:00]} 2. d4 {[%emt 0:00:00]} d5 {[%emt 0:00:00]} 3. e5 {[%emt 0:00:00]} Bf5 {[%emt 0:03:02]} 4. Nd2 {[%emt 0:00:00]} h6 {[%emt 0:02:17]} 5. Ngf3 {[%emt 0:00:50]} e6 {[%emt 0:01:09]} 6. Nb3 {[%emt 0:00:10]} Nd7 {[%emt 0:01:35]} 7. Be2 {[%emt 0:01:00]} Ne7 {[%emt 0:05:03]} 8. O-O {[%emt 0:01:16]} Bh7 {[%emt 0:02:27]} 9. a4 {[%emt 0:02:22]} Ng6 {[%emt 0:02:58]} 10. a5 {[%emt 0:03:58]} Be7 {[%emt 0:03:15]} 11. a6 {[%emt 0:01:56]} b6 {[%emt 0:01:10]} 12. c4 {[%emt 0:02:58]} O-O {[%emt 0:04:31]} 13. cxd5 {[%emt 0:01:52]} cxd5 {[%emt 0:01:33]} 14. Be3 {[%emt 0:00:13]} Rc8 {[%emt 0:02:32]} 15. Qd2 {[%emt 0:05:46]} f6 {[%emt 0:04:53]} 16. exf6 {[%emt 0:02:21]} Nxf6 {[%emt 0:02:53]} 17. Bd3 {[%emt 0:03:47]} Ne4 {[%emt 0:09:34]} 18. Qe2 {[%emt 0:03:28]} Qd6 {[%emt 0:10:42]} 19. g3 {[%emt 0:11:59]} Rf7 {[%emt 0:09:13]} 20. Nbd2 {[%emt 0:03:13]} Nxd2 {[%emt 0:05:25]} 21. Bxd2 {[%emt 0:04:50]} Bf6 {[%emt 0:02:26]} 22. Rac1 {[%emt 0:05:09]} Rff8 {[%emt 0:06:31]} 23. Bb4 {[%emt 0:03:52]} Qd7 {[%emt 0:02:54]} 24. Bxf8 {[%emt 0:00:41]} Nxf8 {[%emt 0:01:54]} 25. Bxh7+ {[%emt 0:00:58]} Kxh7 {[%emt 0:01:20]} 26. Ne5 {[%emt 0:00:41]} Qe8 {[%emt 0:01:37]} 27. Qd3+ {[%emt 0:01:20]} Kg8 {[%emt 0:00:37]} 28. Qe3 {[%emt 0:00:15]} Be7 {[%emt 0:02:43]} 29. Rxc8 {[%emt 0:04:46]} Qxc8 {[%emt 0:00:04]} 30. h4 {[%emt 0:07:15]} Qxa6 {[%emt 0:02:54]} 31. Qf4 {[%emt 0:00:05]} Bf6 {[%emt 0:00:27]} 32. Ng4 {[%emt 0:00:52]} Bd8 {[%emt 0:03:37]} 33. Qb8 {[%emt 0:01:42]} Be7 {[%emt 0:01:20]} 34. Qc7 {[%emt 0:02:11]} Bb4 {[%emt 0:01:22]} 35. Ne5 {[%emt 0:00:55]} b5 {[%emt 0:01:54]} 36. Rc1 {[%emt 0:01:04]} Bd6 {[%emt 0:00:41]} 37. Qf7+ {[%emt 0:00:09]} Kh8 {[%emt 0:00:09]} 38. Ng6+ {[%emt 0:00:46]} Nxg6 {[%emt 0:00:43]} 39. Qxg6 {[%emt 0:00:03]} Bf8 {[%emt 0:01:12]} 40. Qf7 {[%emt 0:00:16]} Qd6 {[%emt 0:00:22]} 41. Rc8 {[%emt 0:00:08]} 1-0

[Event "9th Sharjah Cup Women 2018"]
[Site "Sharjah"]
[Date "2018.12.16"]
[Round "4"]
[White "Cornette, Deimante"]
[Black "Enkhtuul, Altan-Ulzii"]
[Result "1-0"]
[WhiteElo "2455"]
[BlackElo "2267"]
[Annotator "TA"]
[PlyCount "61"]
[EventDate "2018.12.14"]
[EventType "swiss"]
[EventCountry "UAE"]
[SourceTitle "playchess.com"]
[Source "ChessBase"]
[SourceQuality "1"]

{[%evp 21,61,56,66,66,97,49,73,66,62,46,52,39,114,89,98,54,201,187,275,293,328,272,324,315,429,424,1111,579,516,-8,0,0,0,0,29992,29993,29993,29982,29994,29995,29995,29996]} 1. e4 Nf6 2. e5 Nd5 3. d4 d6 4. Nf3 Bg4 5. Be2 e6 6. O-O Be7 7. c4 Nb6 8. Nc3 O-O 9. Be3 dxe5 {B05: Alekhine's Defence: 4 Nf3 Bg4} (9... a6 10. b3 d5 11. h3 Bf5 12. c5 N6d7 13. Bd3 Bxd3 14. Qxd3 Nc6 15. a3 b6 16. b4 bxc5 17. bxc5 f6 18. exf6 Bxf6 {1-0 (55) Melkumyan,H (2664)-Ehlvest,J (2536) chess.com INT 2018}) 10. Nxe5 Bxe2 11. Qxe2 N8d7 {LiveBook: 3 Games. White is slightly better.} 12. Rad1 Qc8 13. Bf4 $146 ({Predecessor:} 13. f4 Nf6 14. Rd3 c6 15. Rfd1 Re8 16. Bf2 {1-0 (35) Klundt,K (2322)-Chandler,P (2145) Prichsenstadt 2006}) 13... Re8 14. Rd3 f6 15. Nxd7 Qxd7 16. b3 a6 ({Better is} 16... Bf8 $14) 17. Ne4 {Threatens to win with Nc5.} Rad8 {Threatening ...e5.} 18. Rfd1 {aiming for Nc5.} Bf8 (18... Bd6 $14) 19. Qh5 f5 (19... Qe7 $142 20. Rh3 h6) 20. Rh3 $18 fxe4 21. Qxh7+ {[%mdl 64] [#] Double Attack} Kf7 {Black wants to play ...e5!} 22. Be5 {And now Qh5+ would win.} (22. Qxe4 Qc6 $16) ({But not} 22. Rg3 $6 Re7 $18) 22... Re7 23. Qh5+ Kg8 (23... g6 $142 24. Qg5 Ke8 25. Qxg6+ Rf7) 24. Qg6 Qc6 {If Black can now play ...Nd7 this consolidates a bit.} 25. Rh7 $2 (25. Rh4 $18) 25... Qe8 $1 $11 {[%cal Re8g6]} 26. Qxe4 Nd7 27. Qh4 $40 {[%mdl 128] Threatening mate with Rh8+. White attacks.} Nxe5 $4 {[%mdl 8192] [#]} (27... Qg6 $11 28. Rxg7+ (28. Bxc7 Qxh7 29. Qxh7+ Kxh7 $11) 28... Rxg7 29. Bxg7 Rc8 30. Bxf8 Rxf8) 28. Rh8+ {White mates.} Kf7 29. Qf4+ Kg6 30. h4 {[%csl Gh8][%cal Rh4h5]} Nf3+ 31. gxf3 {Accuracy: White = 42%, Black = 40%.} 1-0

[Event "9th Sharjah Cup Women 2018"]
[Site "Sharjah"]
[Date "2018.12.16"]
[Round "4"]
[White "Mkrtchian, Lilit"]
[Black "Gevorgyan, Irina"]
[Result "1-0"]
[WhiteElo "2392"]
[BlackElo "2301"]
[Annotator "NA"]
[PlyCount "99"]
[EventDate "2018.12.14"]
[EventType "swiss"]
[EventCountry "UAE"]
[SourceTitle "playchess.com"]
[Source "ChessBase"]
[SourceQuality "1"]
[TimeControl "5400+30"]

1. c4 {[%emt 0:00:00]} e6 {[%emt 0:00:00]} 2. g3 {[%emt 0:00:13]} d5 {[%emt 0:00:14]} 3. Bg2 {[%emt 0:00:13]} c6 {[%emt 0:00:35]} 4. Qc2 {[%emt 0:01:34]} Nf6 {[%emt 0:00:13]} 5. Nf3 {[%emt 0:00:41]} dxc4 {[%emt 0:06:04]} 6. Qxc4 {[%emt 0:00:34]} b5 {[%emt 0:00:09]} 7. Qb3 {[%emt 0:02:37]} Bb7 {[%emt 0:00:19]} 8. O-O {[%emt 0:00:07]} Nbd7 {[%emt 0:01:33]} 9. d4 {[%emt 0:00:52]} Be7 {[%emt 0:07:50]} 10. Rd1 {[%emt 0:07:48]} Qb6 {[%emt 0:02:26]} 11. Nc3 {[%emt 0:04:25]} a6 {[%emt 0:03:30]} 12. Ne5 {[%emt 0:04:20]} c5 {[%emt 0:32:55]} 13. Nxd7 {[%emt 0:22:03]} Nxd7 {[%emt 0:00:08] [#]} 14. Na4 $16 {[%emt 0:09:56]} Qa7 {[%emt 0:02:04]} 15. Nxc5 {[%emt 0:03:29]} Nxc5 {[%emt 0:03:00]} 16. dxc5 {[%emt 0:00:04]} Bxc5 {[%emt 0:00:34]} 17. Bxb7 {[%emt 0:07:21]} Qxb7 {[%emt 0:00:17]} 18. Qc3 {[%emt 0:02:11]} Bf8 {[%emt 0:01:12]} 19. Be3 {[%emt 0:06:40]} f6 {[%emt 0:11:06]} 20. Rac1 {[%emt 0:02:37]} Kf7 {[%emt 0:00:20]} 21. Qc7+ {[%emt 0:01:44]} Qxc7 {[%emt 0:00:07]} 22. Rxc7+ {[%emt 0:00:01]} Kg6 {[%emt 0:00:12]} 23. Rdd7 {[%emt 0:00:19]} Rg8 {[%emt 0:12:24]} 24. Ra7 {[%emt 0:01:17]} Rxa7 {[%emt 0:00:06]} 25. Rxa7 {[%emt 0:00:09]} Bd6 {[%emt 0:00:11]} 26. Rxa6 {[%emt 0:00:29]} Be5 {[%emt 0:00:54]} 27. b4 {[%emt 0:07:25]} Bc3 {[%emt 0:05:07]} 28. Rxe6 {[%emt 0:10:02]} Ra8 {[%emt 0:00:39]} 29. Rb6 {[%emt 0:01:24]} Rxa2 {[%emt 0:00:29]} 30. Rxb5 {[%emt 0:00:04]} Rxe2 {[%emt 0:00:23]} 31. Rb7 {[%emt 0:00:09]} Rb2 {[%emt 0:05:47]} 32. b5 {[%emt 0:00:05]} h5 {[%emt 0:02:48]} 33. Bc5 {[%emt 0:01:51]} Kf5 {[%emt 0:00:44]} 34. b6 {[%emt 0:00:23]} g5 {[%emt 0:00:19]} 35. Rf7 {[%emt 0:03:21]} Be5 {[%emt 0:00:47]} 36. b7 {[%emt 0:00:17]} g4 {[%emt 0:00:28]} 37. Re7 {[%emt 0:01:00]} Rb1+ {[%emt 0:00:51]} 38. Kg2 {[%emt 0:00:06]} Rb5 {[%emt 0:00:19]} 39. Ba7 {[%emt 0:00:07]} Bd6 {[%emt 0:00:09]} 40. Rd7 {[%emt 0:00:07]} Be5 {[%emt 0:00:11]} 41. Kf1 {[%emt 0:01:10]} Rb2 {[%emt 0:00:22]} 42. Ke1 {[%emt 0:00:59]} Ke6 {[%emt 0:00:11]} 43. Rh7 {[%emt 0:00:07]} h4 {[%emt 0:00:12]} 44. gxh4 {[%emt 0:00:18]} Bxh2 {[%emt 0:00:11]} 45. Rg7 {[%emt 0:00:41]} Kd5 {[%emt 0:01:15]} 46. h5 {[%emt 0:00:20]} f5 {[%emt 0:01:22]} 47. h6 {[%emt 0:00:23]} Be5 {[%emt 0:00:10]} 48. Re7 {[%emt 0:00:18]} Rb1+ {[%emt 0:00:44]} 49. Ke2 {[%emt 0:00:07]} Kc6 {[%emt 0:00:50]} 50. Rxe5 {[%emt 0:00:17] Kd5} 1-0

[Event "9th Sharjah Cup Women 2018"]
[Site "Sharjah"]
[Date "2018.12.16"]
[Round "4"]
[White "Khukhashvili, Sopiko"]
[Black "Rouda Essa, Alserkal"]
[Result "1-0"]
[WhiteElo "2338"]
[BlackElo "1525"]
[Annotator "NA"]
[PlyCount "41"]
[EventDate "2018.12.14"]
[EventType "swiss"]
[EventCountry "UAE"]
[SourceTitle "playchess.com"]
[Source "ChessBase"]
[SourceQuality "1"]
[TimeControl "5400+30"]

1. Nf3 {[%emt 0:00:00]} Nf6 {[%emt 0:00:44]} 2. d4 {[%emt 0:00:00]} g6 {[%emt 0:00:17]} 3. Nc3 {[%emt 0:00:01]} d5 {[%emt 0:01:41]} 4. Bf4 {[%emt 0:00:21]} a6 {[%emt 0:01:33]} 5. h3 {[%emt 0:00:14]} Bg7 {[%emt 0:00:20]} 6. g4 {[%emt 0:00:10]} O-O {[%emt 0:06:59]} 7. Bg2 {[%emt 0:00:09]} c6 {[%emt 0:06:34]} 8. Ne5 {[%emt 0:02:24]} Nbd7 {[%emt 0:04:49]} 9. Qd2 {[%emt 0:00:24]} Re8 {[%emt 0:20:10]} 10. Bf3 {[%emt 0:02:37]} Nf8 {[%emt 0:20:59]} 11. h4 {[%emt 0:05:13]} Ne6 {[%emt 0:03:25]} 12. h5 {[%emt 0:00:52]} Nxf4 {[%emt 0:14:15]} 13. Qxf4 {[%emt 0:00:03]} Be6 {[%emt 0:01:00]} 14. hxg6 {[%emt 0:01:03]} hxg6 {[%emt 0:00:45]} 15. O-O-O {[%emt 0:02:31]} Qd6 {[%emt 0:00:44]} 16. Qe3 {[%emt 0:02:21]} b5 {[%emt 0:02:30]} 17. Rh4 {[%emt 0:01:01]} a5 {[%emt 0:00:50]} 18. Rdh1 {[%emt 0:00:08]} Nd7 {[%emt 0:03:37]} 19. Rh7 {[%emt 0:00:42]} Nxe5 {[%emt 0:07:10]} 20. Rxg7+ {[%emt 0:00:04]} Kxg7 {[%emt 0:00:05]} 21. dxe5 {[%emt 0:00:10]} 1-0

[Event "9th Sharjah Cup Women 2018"]
[Site "Sharjah"]
[Date "2018.12.16"]
[Round "4"]
[White "Velikic, Adela"]
[Black "Abdulla, Khayala"]
[Result "1-0"]
[WhiteElo "2298"]
[BlackElo "2190"]
[Annotator "NA"]
[PlyCount "65"]
[EventDate "2018.12.14"]
[EventType "swiss"]
[EventCountry "UAE"]
[SourceTitle "playchess.com"]
[Source "ChessBase"]
[SourceQuality "1"]
[TimeControl "5400+30"]

1. d4 {[%emt 0:00:00]} Nf6 {[%emt 0:00:00]} 2. c4 {[%emt 0:00:00]} e5 {[%emt 0:00:53]} 3. dxe5 {[%emt 0:00:02]} Ng4 {[%emt 0:00:22]} 4. Bf4 {[%emt 0:04:40]} Nc6 {[%emt 0:00:32]} 5. Nf3 {[%emt 0:00:17]} Bb4+ {[%emt 0:00:30]} 6. Nbd2 {[%emt 0:09:49]} Qe7 {[%emt 0:01:11]} 7. a3 {[%emt 0:03:45]} Bxd2+ {[%emt 0:04:52]} 8. Qxd2 {[%emt 0:00:13]} Ngxe5 {[%emt 0:00:25]} 9. Nxe5 {[%emt 0:03:14]} Nxe5 {[%emt 0:01:21]} 10. e3 {[%emt 0:00:30]} d6 {[%emt 0:00:52]} 11. Be2 {[%emt 0:00:55]} Bd7 {[%emt 0:05:38]} 12. O-O {[%emt 0:05:30]} O-O {[%emt 0:01:53]} 13. Rfd1 {[%emt 0:05:09]} Bc6 {[%emt 0:03:16]} 14. b4 {[%emt 0:04:34]} b6 {[%emt 0:02:41]} 15. Qc3 {[%emt 0:12:05]} Ng6 {[%emt 0:02:46]} 16. Bg3 {[%emt 0:01:21]} f5 {[%emt 0:06:37]} 17. c5 {[%emt 0:09:28]} dxc5 {[%emt 0:03:45]} 18. bxc5 {[%emt 0:00:37]} f4 {[%emt 0:03:32]} 19. Qc4+ {[%emt 0:07:16]} Kh8 {[%emt 0:00:02]} 20. exf4 {[%emt 0:00:19]} b5 {[%emt 0:01:54]} 21. Qc2 {[%emt 0:00:39]} Nxf4 {[%emt 0:00:41]} 22. Bf1 {[%emt 0:00:53]} Rae8 {[%emt 0:02:41]} 23. Qd2 {[%emt 0:14:27]} Ne6 {[%emt 0:06:30]} 24. Rac1 {[%emt 0:04:12]} Ng5 {[%emt 0:03:44]} 25. Re1 {[%emt 0:03:20]} Qf6 {[%emt 0:01:59]} 26. Rxe8 {[%emt 0:00:56]} Bxe8 {[%emt 0:08:20]} 27. Qc3 {[%emt 0:01:10]} Qg6 {[%emt 0:09:06]} 28. Bd3 {[%emt 0:02:54]} Qh6 {[%emt 0:06:27]} 29. c6 {[%emt 0:02:49]} Bg6 {[%emt 0:11:56]} 30. Bxb5 {[%emt 0:01:55]} Qh5 {[%emt 0:04:43]} 31. Qc5 {[%emt 0:01:28]} Rf5 {[%emt 0:01:49]} 32. Qe7 {[%emt 0:00:21]} h6 {[%emt 0:00:34]} 33. Be2 {[%emt 0:00:31]} 1-0

[Event "9th Sharjah Cup Women 2018"]
[Site "Sharjah"]
[Date "2018.12.16"]
[Round "4"]
[White "Kulkarni Bhakti"]
[Black "Mezioud, Amina"]
[Result "1-0"]
[WhiteElo "2283"]
[BlackElo "2065"]
[Annotator "NA"]
[PlyCount "67"]
[EventDate "2018.12.14"]
[EventType "swiss"]
[EventCountry "UAE"]
[SourceTitle "playchess.com"]
[Source "ChessBase"]
[SourceQuality "1"]
[TimeControl "5400+30"]

1. d4 {[%emt 0:00:00]} d5 {[%emt 0:00:23]} 2. c4 {[%emt 0:00:00]} e6 {[%emt 0:00:18]} 3. Nc3 {[%emt 0:00:22]} Nf6 {[%emt 0:00:15]} 4. Nf3 {[%emt 0:01:06]} c6 {[%emt 0:00:34]} 5. Bg5 {[%emt 0:00:24]} Be7 {[%emt 0:00:09]} 6. e3 {[%emt 0:01:07]} Nbd7 {[%emt 0:00:16]} 7. Qc2 {[%emt 0:02:33]} O-O {[%emt 0:01:11]} 8. Bd3 {[%emt 0:04:07]} dxc4 {[%emt 0:00:24]} 9. Bxc4 {[%emt 0:00:05]} b5 {[%emt 0:01:53]} 10. Bd3 {[%emt 0:04:13]} Bb7 {[%emt 0:01:16]} 11. O-O {[%emt 0:01:27]} a6 {[%emt 0:00:44]} 12. Ne5 {[%emt 0:07:13]} h6 {[%emt 0:02:04]} 13. Nxd7 {[%emt 0:03:47]} Nxd7 {[%emt 0:08:35]} 14. Bxe7 {[%emt 0:03:15]} Qxe7 {[%emt 0:00:02]} 15. Ne4 {[%emt 0:00:57]} Rfd8 {[%emt 0:05:51]} 16. f4 {[%emt 0:01:51]} f5 {[%emt 0:05:34]} 17. Nc5 {[%emt 0:03:19]} Nxc5 {[%emt 0:10:20]} 18. dxc5 {[%emt 0:03:56]} Rd5 {[%emt 0:01:33]} 19. b4 {[%emt 0:01:39]} a5 {[%emt 0:04:02]} 20. e4 {[%emt 0:13:12]} fxe4 {[%emt 0:04:14]} 21. Bxe4 {[%emt 0:00:14]} Rd4 {[%emt 0:00:07]} 22. Rad1 {[%emt 0:08:46]} Rc4 {[%emt 0:08:54]} 23. Qe2 {[%emt 0:08:55]} axb4 {[%emt 0:01:04]} 24. Rd6 {[%emt 0:01:54]} Rxc5 {[%emt 0:20:38]} 25. Rfd1 {[%emt 0:05:53]} Rd5 {[%emt 0:03:10]} 26. Bxd5 {[%emt 0:02:05]} cxd5 {[%emt 0:00:01]} 27. Rxe6 {[%emt 0:01:35]} Qc5+ {[%emt 0:00:50]} 28. Kh1 {[%emt 0:00:38]} Rf8 {[%emt 0:12:06]} 29. Re7 {[%emt 0:06:18]} Qc6 {[%emt 0:00:10]} 30. Qe5 {[%emt 0:00:16]} Rf6 {[%emt 0:01:13]} 31. Qb8+ {[%emt 0:01:59]} Kh7 {[%emt 0:03:48]} 32. Qxb7 {[%emt 0:00:07]} Qc2 {[%emt 0:00:05]} 33. Rxg7+ {[%emt 0:00:26]} Kh8 {[%emt 0:00:01]} 34. Re1 {[%emt 0:00:21]} 1-0

[Event "9th Sharjah Cup Women 2018"]
[Site "Sharjah"]
[Date "2018.12.16"]
[Round "4"]
[White "Zozulia, Anna"]
[Black "Boubendir, Nesrine"]
[Result "1-0"]
[WhiteElo "2270"]
[BlackElo "1510"]
[Annotator "NA"]
[PlyCount "53"]
[EventDate "2018.12.14"]
[EventType "swiss"]
[EventCountry "UAE"]
[SourceTitle "playchess.com"]
[Source "ChessBase"]
[SourceQuality "1"]
[TimeControl "5400+30"]

1. Nf3 {[%emt 0:00:00]} Nf6 {[%emt 0:00:08]} 2. g3 {[%emt 0:00:00]} g6 {[%emt 0:00:36]} 3. Bg2 {[%emt 0:00:02]} Bg7 {[%emt 0:00:12]} 4. O-O {[%emt 0:00:05]} d5 {[%emt 0:01:46]} 5. d4 {[%emt 0:04:20]} O-O {[%emt 0:02:28]} 6. b3 {[%emt 0:04:30]} Re8 {[%emt 0:04:49]} 7. Bb2 {[%emt 0:00:50]} Nc6 {[%emt 0:02:09]} 8. c4 {[%emt 0:08:03]} e6 {[%emt 0:05:30]} 9. Nc3 {[%emt 0:06:09]} b6 {[%emt 0:08:27]} 10. Rc1 {[%emt 0:01:30]} Bb7 {[%emt 0:00:55]} 11. Re1 {[%emt 0:06:06]} Rc8 {[%emt 0:26:48]} 12. Ne5 {[%emt 0:29:06]} Rb8 {[%emt 0:06:52]} 13. Nb5 {[%emt 0:10:49]} Nxe5 {[%emt 0:10:20]} 14. dxe5 {[%emt 0:00:13]} Ng4 {[%emt 0:03:30]} 15. cxd5 {[%emt 0:00:51]} a6 {[%emt 0:01:27]} 16. Nxc7 {[%emt 0:03:06]} Re7 {[%emt 0:00:14]} 17. dxe6 {[%emt 0:15:52]} Bxg2 {[%emt 0:03:43]} 18. Kxg2 {[%emt 0:00:53]} fxe6 {[%emt 0:00:31]} 19. Qxd8+ {[%emt 0:02:37]} Rxd8 {[%emt 0:00:01]} 20. h3 {[%emt 0:00:59]} Nxe5 {[%emt 0:01:17]} 21. Ba3 {[%emt 0:00:33]} Red7 {[%emt 0:01:54]} 22. Nxe6 {[%emt 0:00:07]} Re8 {[%emt 0:00:42]} 23. Nxg7 {[%emt 0:00:10]} Kxg7 {[%emt 0:00:07]} 24. Red1 {[%emt 0:00:38]} Rf7 {[%emt 0:01:18]} 25. Rc2 {[%emt 0:01:07]} Ra8 {[%emt 0:05:22]} 26. Bb2 {[%emt 0:00:08]} Kg8 {[%emt 0:00:56]} 27. Bxe5 {[%emt 0:00:06]} 1-0